|
|
|
|
| LEADER |
01620nam a22004214a 4500 |
| 001 |
EBC3306662 |
| 003 |
MiAaPQ |
| 005 |
20200520144314.0 |
| 006 |
m o d | |
| 007 |
cr cn||||||||| |
| 008 |
030916s2002 xxua sb 001 0 eng |
| 010 |
|
|
|z 2003277167
|
| 020 |
|
|
|z 0738424005
|
| 035 |
|
|
|a (MiAaPQ)EBC3306662
|
| 035 |
|
|
|a (Au-PeEL)EBL3306662
|
| 035 |
|
|
|a (CaPaEBR)ebr10112719
|
| 035 |
|
|
|a (OCoLC)560314293
|
| 040 |
|
|
|a MiAaPQ
|c MiAaPQ
|d MiAaPQ
|
| 050 |
|
4 |
|a HF5548.2
|b .G395 2002
|
| 245 |
0 |
0 |
|a Geac System21 commerce.connect
|h [electronic resource] :
|b implementation on the IBM eserver iSeries server /
|c [Yessong Johng ... et al.].
|
| 250 |
|
|
|a 1st ed.
|
| 260 |
|
|
|a [United States] :
|b IBM, International Technical Support Organization,
|c 2002.
|
| 300 |
|
|
|a x, 168 p. :
|b ill.
|
| 490 |
1 |
|
|a IBM redbooks
|
| 500 |
|
|
|a "December 2002."
|
| 500 |
|
|
|a "SG24-6526-00."
|
| 504 |
|
|
|a Includes bibliographical references and index.
|
| 533 |
|
|
|a Electronic reproduction. Ann Arbor, MI : ProQuest, 2015. Available via World Wide Web. Access may be limited to ProQuest affiliated libraries.
|
| 630 |
0 |
0 |
|a Geac System 21.
|
| 650 |
|
0 |
|a Business enterprises
|x Data processing.
|
| 650 |
|
0 |
|a Electronic commerce.
|
| 650 |
|
0 |
|a Call centers
|x Computer network resources.
|
| 655 |
|
4 |
|a Electronic books.
|
| 700 |
1 |
|
|a Johng, Yessong.
|
| 710 |
2 |
|
|a International Business Machines Corporation.
|b International Technical Support Center.
|
| 710 |
2 |
|
|a ProQuest (Firm)
|
| 830 |
|
0 |
|a IBM redbooks.
|
| 856 |
4 |
0 |
|u https://ebookcentral.proquest.com/lib/matrademy/detail.action?docID=3306662
|z Click to View
|